MARC
| LEADER | 00000cam a2200000 7i4500 | ||
|---|---|---|---|
| 001 | 0000009149 | ||
| 002 | 000009964 | ||
| 005 | 20000330.0 | ||
| 020 | |a 9678906805 | ||
| 090 | 0 | 0 | |a 346.59502606 |b MAL |
| 245 | 0 | 0 | |a Akta Pertubuhan 1966(Akta 335) & Peraturan-peraturan |
| 260 | |a Kuala Lumpur : |b ILBS , |c 1995 | ||
| 500 | |a Hingga 20hb Mac 1995 | ||
| 650 | 0 | 0 | |a Law |x Akta 335 |z Malaysia |
| 999 | |a 048564 |b BUKU |c AKTA |e PERPUSTAKAAN KOMUNITI PETALING JAYA | ||